00374nam a22001337a 450000500170000000800410001704100130005808200130007110000130008424500390009726000550013630000230019165000260021420240705132328.0240705b |||||||| |||| 00| 0 eng d aEnglish  a349 PRE  lEnglish  aPrentice Hall Weekly Legal Service aDurban: bPrentice Hall Services (Pty) Ltd, c1938 b75 pages;c26 cm.  aLegal practice bLaw